Antología poética y otros textos
Guardat en:
| Format: | Llibre |
|---|---|
| Idioma: | espanyol |
| Publicat: |
Valparaíso
Pontificia Universidad Católica de Valparaíso
2005
|
| Edició: | 1a. ed |
| Matèries: | |
| Etiquetes: |
Afegir etiqueta
Sense etiquetes, Sigues el primer a etiquetar aquest registre!
|
MARC
| LEADER | 00000cam a2200000 a 4500 | ||
|---|---|---|---|
| 001 | UCJ2363 | ||
| 003 | CL-VaPUC | ||
| 008 | 061214e20050000cl |||||||||||||||||spa|d | ||
| 082 | 0 | 4 | |a Ch861 |b ANT |2 21 |
| 245 | 1 | 0 | |a Antología poética y otros textos |
| 250 | |a 1a. ed | ||
| 300 | |a 98 p | ||
| 942 | |c BK | ||
| 945 | |d 20061214 00:00:00 |a cmena | ||
| 260 | |a Valparaíso |b Pontificia Universidad Católica de Valparaíso |c 2005 | ||
| 650 | 0 | |a Poesías chilenas |9 265280 | |
| 650 | 0 | |a Literatura chilena |9 308278 | |
| 650 | 0 | |a Literatura juvenil |9 309909 | |
| 583 | |a last modification |c 20150423 04:37:49 |k Rodrigo Vera | ||
| 999 | |c 318689 |d 318687 | ||
| 952 | |0 0 |1 0 |4 0 |6 CH_861_000000000000000_ANT_2005 |7 0 |8 A |9 396697 |a BIBART |b BIBART |d 2019-11-22 |i 4259785 |o Ch861 ANT 2005 |p 4259785 |r 2025-03-13 |w 2019-11-22 |y BK |k ART | ||